| LDR | | 03684cmm u22007098i 4500 |
| 001 | | 000000340320 |
| 003 | | EBZ |
| 005 | | 20260127111621 |
| 006 | | m d |
| 007 | | cr ||||||||||| |
| 008 | | 240810s2025 pau job 000 0 eng |
| 010 | |
▼a 2024037108 |
| 015 | |
▼a GBC556956
▼2 bnb |
| 016 | 7 |
▼a 300561107
▼2 Uk |
| 020 | |
▼a 1805012541 |
| 020 | |
▼a 9781805012542
▼q (electronic bk.) |
| 020 | |
▼z 9781805012535
▼q (trade paperback) |
| 024 | 8 |
▼a CIPO000229869 |
| 037 | |
▼a awqu7wz9
▼b cloudLibrary
▼n https://yourcloudlibrary.com |
| 040 | |
▼a EBZ
▼b eng
▼c EBZ
▼d 248032 |
| 042 | |
▼a pcc |
| 049 | |
▼a MAIN |
| 050 | 00 |
▼a LB1049 |
| 072 | 7 |
▼a PSY022020
▼2 bisacsh |
| 072 | 7 |
▼a EDU009000
▼2 bisacsh |
| 072 | 7 |
▼a EDU000000
▼2 bisacsh |
| 072 | 7 |
▼a EDU026000
▼2 bisacsh |
| 072 | 7 |
▼a EDU051000
▼2 bisacsh |
| 072 | 7 |
▼a PSY022000
▼2 bisacsh |
| 072 | 7 |
▼a PSY000000
▼2 bisacsh |
| 082 | 00 |
▼a 371.30281
▼2 23/eng/20240810
▼1 https://id.oclc.org/worldcat/ddc/E39D6mBHh8Kq84TmWTG4BHvtmF |
| 100 | 1 |
▼a Honeybourne, Victoria,
▼c (Language and communication teacher),
▼e author.
▼1 https://id.oclc.org/worldcat/entity/E39PCjyQgCt6JPPKGvCXD9bcKb |
| 245 | 10 |
▼a Finding joy in studying :
▼b an autistic and ADHD guide to uncovering the study skills that work for you /
▼c Victoria Honeybourne ; Illustrated by Victoria Barron (TBC). |
| 260 | |
▼a Philadelphia :
▼b Jessica Kingsley Publishers,
▼c [2025] |
| 263 | |
▼a 2505 |
| 300 | |
▼a 1 online resource |
| 336 | |
▼a text
▼b txt
▼2 rdacontent |
| 337 | |
▼a computer
▼b c
▼2 rdamedia |
| 338 | |
▼a online resource
▼b cr
▼2 rdacarrier |
| 341 | 0 |
▼a textual
▼2 sapdv
▼3 EBSCOhost |
| 504 | |
▼a Includes bibliographical references. |
| 505 | 0 |
▼a Introduction -- Understand your "why" -- Understand yourself -- and your neurodiversity -- Organization, time management & focus -- Reading and note-taking -- Written assignments -- Presentation skills -- Revision and exams. |
| 520 | |
▼a "Get to know yourself and your brain to find the joy in studying! With the help of neurodivergent study skills specialist and coach Victoria Honeybourne, you'll discover how YOU learn best and will develop study methods and skills that will help you at school, university and beyond"--
▼c Provided by publisher. |
| 521 | |
▼a Ages 14+
▼b Jessica Kingsley Publishers. |
| 532 | 0 |
▼3 EBSCOhost
▼a "EBSCO evaluates our products based on the Web Content Accessibility Guidelines (WCAG) and the related Section 508 and EN 301 549 regulations in the US and EU. Most EBSCO products are substantially conformant with WCAG 2.2 level AA." Source: https://connect.ebsco.com/s/article/EBSCO-VPATs?language=en_US. Last accessed April 22, 2025. |
| 588 | |
▼a Description based on print version record and CIP data provided by publisher; resource not viewed. |
| 590 | |
▼a Added to collection customer.56279.3 |
| 650 | 0 |
▼a Study skills
▼x Study and teaching. |
| 650 | 0 |
▼a Time management
▼x Study and teaching. |
| 650 | 0 |
▼a Autistic youth
▼x Education. |
| 650 | 0 |
▼a Attention-deficit hyperactivity disorder in adolescence. |
| 650 | 7 |
▼a Autism Spectrum Disorders.
▼2 bisacsh |
| 650 | 7 |
▼a Educational Psychology.
▼2 bisacsh |
| 650 | 7 |
▼a EDUCATION.
▼2 bisacsh |
| 650 | 7 |
▼a Special Education.
▼2 bisacsh |
| 650 | 7 |
▼a Learning Styles.
▼2 bisacsh |
| 650 | 7 |
▼a Psychopathology.
▼2 bisacsh |
| 650 | 7 |
▼a PSYCHOLOGY.
▼2 bisacsh |
| 776 | 08 |
▼i Print version:
▼a Honeybourne, Victoria
▼t Finding joy in studying
▼d Philadelphia : Jessica Kingsley Publishers, [2025]
▼z 9781805012535
▼w (DLC) 2024037107 |
| 776 | 08 |
▼i Print version:
▼z 9781805012535 |
| 856 | 40 |
▼3 EBSCOhost
▼u https://search.ebscohost.com/login.aspx?direct=true&scope=site&db=nlebk&db=nlabk&AN=3880130 |
| 938 | |
▼a EBSCOhost
▼b EBSC
▼n 3880130 |
| 990 | |
▼a 관리자 |